[Event "Stay Safe Play From Home 281"]
[Site "Emanuel Lasker Arena"]
[Date "2020.07.06"]
[Round "1"]
[White "AChessPlayer"]
[Black "Grazie"]
[Result "1-0"]
[WhiteElo "2430"]
[BlackElo "1794"]
[PlyCount "67"]
[EventDate "2020.07.06"]
[EventType "swiss (blitz)"]

1. e3 {[%emt 0:00:05]} e6 {[%emt 0:00:00]} 2. Nf3 {[%emt 0:00:00]} d5 {[%emt 0:00:00]} 3. Be2 {[%emt 0:00:00]} Nf6 {[%emt 0:00:00]} 4. d4 {[%emt 0:00:01]} Be7 {[%emt 0:00:00]} 5. b3 {[%emt 0:00:00]} a6 {[%emt 0:00:00]} 6. Bb2 {[%emt 0:00:00]} Nbd7 {[%emt 0:00:00]} 7. c4 {[%emt 0:00:02]} dxc4 {[%emt 0:00:01]} 8. bxc4 {[%emt 0:00:01]} O-O {[%emt 0:00:01]} 9. O-O {[%emt 0:00:00]} h6 {[%emt 0:00:01]} 10. Nc3 {[%emt 0:00:00]} c5 {[%emt 0:00:01]} 11. d5 {[%emt 0:00:01]} exd5 {[%emt 0:00:01]} 12. cxd5 {[%emt 0:00:00]} Bd6 {[%emt 0:00:01]} 13. e4 {[%emt 0:00:00]} Ne5 {[%emt 0:00:01]} 14. Nxe5 {[%emt 0:00:01]} Bxe5 {[%emt 0:00:01]} 15. Rb1 {[%emt 0:00:00]} b5 {[%emt 0:00:01]} 16. Qc1 {[%emt 0:00:02]} c4 {[%emt 0:00:01]} 17. Qc2 {[%emt 0:00:01]} Bb7 {[%emt 0:00:01]} 18. Rbd1 {[%emt 0:00:00]} Qd6 {[%emt 0:00:03]} 19. f4 {[%emt 0:00:00]} Bxc3 {[%emt 0:00:01]} 20. Qxc3 {[%emt 0:00:01]} Qc5+ {[%emt 0:00:03]} 21. Kh1 {[%emt 0:00:01]} Rad8 {[%emt 0:00:04]} 22. a3 {[%emt 0:00:01]} Qa7 {[%emt 0:00:03]} 23. Bf3 {[%emt 0:00:00]} Rfe8 {[%emt 0:00:02]} 24. Rfe1 {[%emt 0:00:02]} Kf8 {[%emt 0:00:04]} 25. d6 {[%emt 0:00:01]} Rd7 {[%emt 0:00:03]} 26. e5 {[%emt 0:00:01]} Bxf3 {[%emt 0:00:05]} 27. Qxf3 {[%emt 0:00:00]} Ng8 {[%emt 0:00:02]} 28. f5 {[%emt 0:00:01]} Qc5 {[%emt 0:00:06]} 29. e6 {[%emt 0:00:00]} Rdd8 {[%emt 0:00:05]} 30. e7+ {[%emt 0:00:01]} Nxe7 {[%emt 0:00:01]} 31. dxe7+ {[%emt 0:00:00]} Qxe7 {[%emt 0:00:02]} 32. Rxe7 {[%emt 0:00:02]} Rxd1+ {[%emt 0:00:01]} 33. Qxd1 {[%emt 0:00:00]} Kxe7 {[%emt 0:00:01] Grazie gibt auf} 34. Bxg7 {[%emt 0:00:04] (Lag: Av=0.59s, max=2.9s)} 1-0

[Event "Stay Safe Play From Home 281"]
[Site "Emanuel Lasker Arena"]
[Date "2020.07.06"]
[Round "1"]
[White "VotaryRoma"]
[Black "Bishop91"]
[Result "1-0"]
[WhiteElo "2142"]
[BlackElo "1702"]
[Annotator "NA"]
[PlyCount "81"]
[EventDate "2020.07.06"]
[EventType "swiss (blitz)"]

1. Nf3 {[%emt 0:00:03]} e6 {[%emt 0:00:00]} 2. g3 {[%emt 0:00:00]} d5 {[%emt 0:00:00]} 3. Bg2 {[%emt 0:00:00]} c6 {[%emt 0:00:00]} 4. O-O {[%emt 0:00:00]} Nf6 {[%emt 0:00:02]} 5. d4 {[%emt 0:00:00]} Be7 {[%emt 0:00:00]} 6. c4 {[%emt 0:00:00]} O-O {[%emt 0:00:00]} 7. Nc3 {[%emt 0:00:00]} b6 {[%emt 0:00:02]} 8. Ne5 {[%emt 0:00:00]} Bb7 {[%emt 0:00:01]} 9. cxd5 {[%emt 0:00:00]} exd5 {[%emt 0:00:01]} 10. Bg5 {[%emt 0:00:01]} Nbd7 {[%emt 0:00:01]} 11. f4 {[%emt 0:00:08]} h6 {[%emt 0:00:02]} 12. Bh4 {[%emt 0:00:03]} Re8 {[%emt 0:00:04]} 13. e4 {[%emt 0:00:03]} dxe4 {[%emt 0:00:01]} 14. Nxe4 {[%emt 0:00:01]} Nxe4 {[%emt 0:00:04]} 15. Bxe7 {[%emt 0:00:00]} Qxe7 {[%emt 0:00:01]} 16. Bxe4 {[%emt 0:00:00]} Nf6 {[%emt 0:00:01]} 17. Bg2 {[%emt 0:00:02]} Nd5 {[%emt 0:00:01]} 18. Rc1 {[%emt 0:00:02]} Rac8 {[%emt 0:00:02]} 19. Bxd5 {[%emt 0:00:02]} cxd5 {[%emt 0:00:01]} 20. Qb3 {[%emt 0:00:00]} Qe6 {[%emt 0:00:05]} 21. f5 {[%emt 0:00:01]} Qd6 {[%emt 0:00:02]} 22. f6 {[%emt 0:00:01]} g6 {[%emt 0:00:01]} 23. Nxg6 {[%emt 0:00:03]} fxg6 {[%emt 0:00:01]} 24. f7+ {[%emt 0:00:01]} Kf8 {[%emt 0:00:00]} 25. fxe8=R+ {[%emt 0:00:06]} Kxe8 {[%emt 0:00:00]} 26. Rce1+ {[%emt 0:00:01]} Kd7 {[%emt 0:00:01]} 27. Rf7+ {[%emt 0:00:01]} Kd8 {[%emt 0:00:00]} 28. Qf3 {[%emt 0:00:01]} Rc7 {[%emt 0:00:06]} 29. Rf8+ {[%emt 0:00:01]} Kd7 {[%emt 0:00:02]} 30. Qf7+ {[%emt 0:00:01]} Kc6 {[%emt 0:00:00]} 31. Qe8+ {[%emt 0:00:01]} Rd7 {[%emt 0:00:04]} 32. Re6 {[%emt 0:00:01]} Qxe6 {[%emt 0:00:03]} 33. Qxe6+ {[%emt 0:00:00]} Rd6 {[%emt 0:00:00]} 34. Qe8+ {[%emt 0:00:03]} Rd7 {[%emt 0:00:02]} 35. Rf7 {[%emt 0:00:00]} Bc8 {[%emt 0:00:00]} 36. Qxc8+ {[%emt 0:00:01]} Rc7 {[%emt 0:00:02]} 37. Qxc7+ {[%emt 0:00:01]} Kb5 {[%emt 0:00:00]} 38. Qd7+ {[%emt 0:00:01]} Ka6 {[%emt 0:00:01]} 39. Qxd5 {[%emt 0:00:00]} b5 {[%emt 0:00:03]} 40. b4 {[%emt 0:00:01]} g5 {[%emt 0:00:01]} 41. Qd6# {[%emt 0:00:00] (Lag: Av=0.39s, max=2.0s)} 1-0

[Event "Stay Safe Play From Home 281"]
[Site "Emanuel Lasker Arena"]
[Date "2020.07.06"]
[Round "1"]
[White "SoulofWolf"]
[Black "Mandy"]
[Result "1-0"]
[WhiteElo "2118"]
[BlackElo "924"]
[PlyCount "43"]
[EventDate "2020.07.06"]
[EventType "swiss (blitz)"]

1. c4 {[%emt 0:00:00]} Nf6 {[%emt 0:00:03]} 2. Nc3 {[%emt 0:00:00]} g6 {[%emt 0:00:01]} 3. e4 {[%emt 0:00:00]} Bg7 {[%emt 0:00:01]} 4. f4 {[%emt 0:00:01]} d6 {[%emt 0:00:01]} 5. Nf3 {[%emt 0:00:01]} e5 {[%emt 0:00:01]} 6. fxe5 {[%emt 0:00:01]} dxe5 {[%emt 0:00:03]} 7. Nxe5 {[%emt 0:00:00]} Be6 {[%emt 0:00:09]} 8. d4 {[%emt 0:00:02]} c6 {[%emt 0:00:02]} 9. d5 {[%emt 0:00:01]} cxd5 {[%emt 0:00:06]} 10. exd5 {[%emt 0:00:01]} Bd7 {[%emt 0:00:02]} 11. Bd3 {[%emt 0:00:02]} Bf5 {[%emt 0:00:04]} 12. Bxf5 {[%emt 0:00:02]} gxf5 {[%emt 0:00:01]} 13. O-O {[%emt 0:00:00]} O-O {[%emt 0:00:03]} 14. Rxf5 {[%emt 0:00:01]} Qe7 {[%emt 0:00:04]} 15. Bg5 {[%emt 0:00:03]} Nbd7 {[%emt 0:00:03]} 16. Nxd7 {[%emt 0:00:03]} Qxd7 {[%emt 0:00:02]} 17. Rxf6 {[%emt 0:00:03]} Bxf6 {[%emt 0:00:02]} 18. Bxf6 {[%emt 0:00:00]} Qf5 {[%emt 0:00:05]} 19. Qd4 {[%emt 0:00:02]} Qd7 {[%emt 0:00:02]} 20. Rf1 {[%emt 0:00:01]} Rae8 {[%emt 0:00:01]} 21. h3 {[%emt 0:00:02]} b6 {[%emt 0:00:01]} 22. Rf3 {[%emt 0:00:02] Zeit (Lag: Av=0.53s, max=1.0s)} 1-0

[Event "Stay Safe Play From Home 281"]
[Site "Emanuel Lasker Arena"]
[Date "2020.07.06"]
[Round "1"]
[White "NeatFox"]
[Black "Mepe_Nika"]
[Result "0-1"]
[WhiteElo "1936"]
[BlackElo "2380"]
[PlyCount "56"]
[EventDate "2020.07.06"]
[EventType "swiss (blitz)"]

1. g4 {[%emt 0:00:01]} d5 {[%emt 0:00:01]} 2. Bg2 {[%emt 0:00:00]} c6 {[%emt 0:00:01]} 3. c4 {[%emt 0:00:00]} dxc4 {[%emt 0:00:01]} 4. Qa4 {[%emt 0:00:01]} Bxg4 {[%emt 0:00:03]} 5. Qxc4 {[%emt 0:00:01]} Qd7 {[%emt 0:00:01]} 6. Qb3 {[%emt 0:00:01]} Nf6 {[%emt 0:00:03]} 7. Nf3 {[%emt 0:00:01]} Bxf3 {[%emt 0:00:01]} 8. Bxf3 {[%emt 0:00:00]} e6 {[%emt 0:00:01]} 9. Nc3 {[%emt 0:00:00]} Bd6 {[%emt 0:00:01]} 10. d3 {[%emt 0:00:01]} O-O {[%emt 0:00:01]} 11. h4 {[%emt 0:00:03]} Nd5 {[%emt 0:00:01]} 12. Nxd5 {[%emt 0:00:02]} exd5 {[%emt 0:00:00]} 13. Rg1 {[%emt 0:00:00]} Kh8 {[%emt 0:00:02]} 14. h5 {[%emt 0:00:01]} Na6 {[%emt 0:00:02]} 15. Qc3 {[%emt 0:00:01]} f6 {[%emt 0:00:02]} 16. h6 {[%emt 0:00:00]} g6 {[%emt 0:00:01]} 17. Qd2 {[%emt 0:00:05]} Bb4 {[%emt 0:00:04]} 18. b3 {[%emt 0:00:04]} Rae8 {[%emt 0:00:02]} 19. Bb2 {[%emt 0:00:01]} Bxd2+ {[%emt 0:00:03]} 20. Kxd2 {[%emt 0:00:01]} Nc5 {[%emt 0:00:02]} 21. e3 {[%emt 0:00:02]} Ne6 {[%emt 0:00:02]} 22. Bg4 {[%emt 0:00:02]} Kg8 {[%emt 0:00:02]} 23. Bh3 {[%emt 0:00:02]} f5 {[%emt 0:00:01]} 24. Bxf5 {[%emt 0:00:02]} Rxf5 {[%emt 0:00:01]} 25. e4 {[%emt 0:00:00]} dxe4 {[%emt 0:00:02]} 26. d4 {[%emt 0:00:03]} Nxd4 {[%emt 0:00:01]} 27. Ke1 {[%emt 0:00:00]} Nc2+ {[%emt 0:00:01]} 28. Ke2 {[%emt 0:00:01]} Qd3# {[%emt 0:00:01] (Lag: Av=0.47s, max=0.8s)} 0-1

[Event "Stay Safe Play From Home 281"]
[Site "Emanuel Lasker Arena"]
[Date "2020.07.06"]
[Round "1"]
[White "Gmbasti"]
[Black "Haxhi Baha"]
[Result "0-1"]
[WhiteElo "1720"]
[BlackElo "2049"]
[PlyCount "44"]
[EventDate "2020.07.06"]
[EventType "swiss (blitz)"]

1. c4 {[%emt 0:00:04]} d6 {[%emt 0:00:01]} 2. e3 {[%emt 0:00:00]} e5 {[%emt 0:00:00]} 3. d4 {[%emt 0:00:00]} exd4 {[%emt 0:00:01]} 4. exd4 {[%emt 0:00:02]} c6 {[%emt 0:00:00]} 5. Be3 {[%emt 0:00:00]} Nf6 {[%emt 0:00:00]} 6. Nc3 {[%emt 0:00:01]} Be7 {[%emt 0:00:00]} 7. Nf3 {[%emt 0:00:01]} O-O {[%emt 0:00:00]} 8. Bd3 {[%emt 0:00:01]} Ng4 {[%emt 0:00:01]} 9. Qc2 {[%emt 0:00:01]} Nxe3 {[%emt 0:00:01]} 10. fxe3 {[%emt 0:00:00]} Bg4 {[%emt 0:00:02]} 11. O-O {[%emt 0:00:01]} Nd7 {[%emt 0:00:01]} 12. Rf2 {[%emt 0:00:02]} Bg5 {[%emt 0:00:01]} 13. h3 {[%emt 0:00:02]} Bh5 {[%emt 0:00:05]} 14. Raf1 {[%emt 0:00:04]} Bxe3 {[%emt 0:00:02]} 15. Kh1 {[%emt 0:00:02]} Bxf2 {[%emt 0:00:02]} 16. Rxf2 {[%emt 0:00:01]} Bxf3 {[%emt 0:00:01]} 17. Rxf3 {[%emt 0:00:01]} Nf6 {[%emt 0:00:01]} 18. Ne4 {[%emt 0:00:05]} Nxe4 {[%emt 0:00:02]} 19. Bxe4 {[%emt 0:00:01]} g6 {[%emt 0:00:00]} 20. Rg3 {[%emt 0:00:01]} Qf6 {[%emt 0:00:03]} 21. Bf3 {[%emt 0:00:02]} Qxd4 {[%emt 0:00:02]} 22. Qf2 {[%emt 0:00:03]} Qxf2 {[%emt 0:00:02] Gmbasti gibt auf (Lag: Av=0.77s, max=1.6s)} 0-1

[Event "Stay Safe Play From Home 281"]
[Site "Emanuel Lasker Arena"]
[Date "2020.07.06"]
[Round "1"]
[White "Robk"]
[Black "Lamborghini"]
[Result "0-1"]
[WhiteElo "1595"]
[BlackElo "2248"]
[PlyCount "66"]
[EventDate "2020.07.06"]
[EventType "swiss (blitz)"]

1. e4 {[%emt 0:00:01]} c5 {[%emt 0:00:02]} 2. Nf3 {[%emt 0:00:01]} d6 {[%emt 0:00:01]} 3. d4 {[%emt 0:00:00]} cxd4 {[%emt 0:00:00]} 4. Nxd4 {[%emt 0:00:00]} Nf6 {[%emt 0:00:01]} 5. Nc3 {[%emt 0:00:01]} g6 {[%emt 0:00:00]} 6. Be3 {[%emt 0:00:01]} Bg7 {[%emt 0:00:00]} 7. f3 {[%emt 0:00:01]} O-O {[%emt 0:00:00]} 8. Qd2 {[%emt 0:00:00]} Nc6 {[%emt 0:00:00]} 9. O-O-O {[%emt 0:00:01]} d5 {[%emt 0:00:01]} 10. g4 {[%emt 0:00:02]} dxe4 {[%emt 0:00:03]} 11. fxe4 {[%emt 0:00:01]} Bxg4 {[%emt 0:00:03]} 12. Be2 {[%emt 0:00:01]} Nxd4 {[%emt 0:00:02]} 13. Bxd4 {[%emt 0:00:04]} Qa5 {[%emt 0:00:07]} 14. Kb1 {[%emt 0:00:02]} Bxe2 {[%emt 0:00:02]} 15. Nxe2 {[%emt 0:00:02]} Qxd2 {[%emt 0:00:02]} 16. Rxd2 {[%emt 0:00:02]} Nxe4 {[%emt 0:00:00]} 17. Rdd1 {[%emt 0:00:01]} e5 {[%emt 0:00:02]} 18. Be3 {[%emt 0:00:04]} a6 {[%emt 0:00:01]} 19. h4 {[%emt 0:00:02]} h5 {[%emt 0:00:02]} 20. Rd7 {[%emt 0:00:08]} Rab8 {[%emt 0:00:01]} 21. Rhd1 {[%emt 0:00:03]} Nf6 {[%emt 0:00:02]} 22. Re7 {[%emt 0:00:03]} Rfe8 {[%emt 0:00:01]} 23. Rxe8+ {[%emt 0:00:02]} Rxe8 {[%emt 0:00:00]} 24. Nc3 {[%emt 0:00:02]} Ng4 {[%emt 0:00:02]} 25. Bb6 {[%emt 0:00:02]} e4 {[%emt 0:00:00]} 26. Re1 {[%emt 0:00:03]} Bxc3 {[%emt 0:00:01]} 27. bxc3 {[%emt 0:00:02]} f5 {[%emt 0:00:00]} 28. c4 {[%emt 0:00:02]} f4 {[%emt 0:00:01]} 29. c5 {[%emt 0:00:00]} e3 {[%emt 0:00:01]} 30. c6 {[%emt 0:00:02]} bxc6 {[%emt 0:00:01]} 31. Bc5 {[%emt 0:00:03]} Kf7 {[%emt 0:00:02]} 32. Kc1 {[%emt 0:00:00]} Ke6 {[%emt 0:00:01]} 33. Kd1 {[%emt 0:00:00]} Kf5 {[%emt 0:00:00] Time (Lag: Av=0.50s, max=0.9s)} 0-1

[Event "Stay Safe Play From Home 281"]
[Site "Emanuel Lasker Arena"]
[Date "2020.07.06"]
[Round "1"]
[White "Klasman"]
[Black "Scorpio New"]
[Result "0-1"]
[WhiteElo "1410"]
[BlackElo "2128"]
[PlyCount "46"]
[EventDate "2020.07.06"]
[EventType "swiss (blitz)"]

1. f4 {[%emt 0:00:02]} d6 {[%emt 0:00:04]} 2. d4 {[%emt 0:00:05]} g6 {[%emt 0:00:04]} 3. Nf3 {[%emt 0:00:01]} Bg7 {[%emt 0:00:00]} 4. e4 {[%emt 0:00:02]} Nd7 {[%emt 0:00:01]} 5. Bd3 {[%emt 0:00:01]} c6 {[%emt 0:00:01]} 6. Be3 {[%emt 0:00:01]} Qc7 {[%emt 0:00:00]} 7. c4 {[%emt 0:00:01]} e5 {[%emt 0:00:00]} 8. fxe5 {[%emt 0:00:02]} dxe5 {[%emt 0:00:00]} 9. d5 {[%emt 0:00:02]} Ngf6 {[%emt 0:00:01]} 10. Nc3 {[%emt 0:00:01]} O-O {[%emt 0:00:00]} 11. O-O {[%emt 0:00:01]} a5 {[%emt 0:00:00]} 12. Qd2 {[%emt 0:00:02]} Ng4 {[%emt 0:00:01]} 13. Bg5 {[%emt 0:00:04]} h6 {[%emt 0:00:01]} 14. Bh4 {[%emt 0:00:01]} Ngf6 {[%emt 0:00:01]} 15. Rac1 {[%emt 0:00:06]} a4 {[%emt 0:00:03]} 16. a3 {[%emt 0:00:02]} Nc5 {[%emt 0:00:03]} 17. dxc6 {[%emt 0:00:03]} bxc6 {[%emt 0:00:01]} 18. Qc2 {[%emt 0:00:07]} Nb3 {[%emt 0:00:02]} 19. Rcd1 {[%emt 0:00:02]} Nh5 {[%emt 0:00:02]} 20. Ne2 {[%emt 0:00:05]} Nf4 {[%emt 0:00:02]} 21. Bg3 {[%emt 0:00:03]} Nxe2+ {[%emt 0:00:01]} 22. Qxe2 {[%emt 0:00:02]} Qe7 {[%emt 0:00:00]} 23. h4 {[%emt 0:00:05]} Nd4 {[%emt 0:00:01] Time (Lag: Av=0.26s, max=0.3s)} 0-1

[Event "Stay Safe Play From Home 281"]
[Site "Emanuel Lasker Arena"]
[Date "2020.07.06"]
[Round "2"]
[White "AChessPlayer"]
[Black "VotaryRoma"]
[Result "1-0"]
[WhiteElo "2431"]
[BlackElo "2144"]
[PlyCount "147"]
[EventDate "2020.07.06"]
[EventType "swiss (blitz)"]

1. Nf3 {[%emt 0:00:01]} Nf6 {[%emt 0:00:01]} 2. g3 {[%emt 0:00:00]} g6 {[%emt 0:00:00]} 3. Bg2 {[%emt 0:00:00]} Bg7 {[%emt 0:00:01]} 4. O-O {[%emt 0:00:00]} O-O {[%emt 0:00:00]} 5. d3 {[%emt 0:00:00]} d5 {[%emt 0:00:00]} 6. Re1 {[%emt 0:00:00]} c5 {[%emt 0:00:00]} 7. Nbd2 {[%emt 0:00:00]} d4 {[%emt 0:00:01]} 8. e4 {[%emt 0:00:00]} dxe3 {[%emt 0:00:02]} 9. Rxe3 {[%emt 0:00:00]} Nc6 {[%emt 0:00:01]} 10. Re1 {[%emt 0:00:00]} Bg4 {[%emt 0:00:03]} 11. h3 {[%emt 0:00:01]} Bf5 {[%emt 0:00:01]} 12. Nc4 {[%emt 0:00:01]} Re8 {[%emt 0:00:02]} 13. Kh2 {[%emt 0:00:00]} Be6 {[%emt 0:00:01]} 14. Ne3 {[%emt 0:00:03]} Nd5 {[%emt 0:00:02]} 15. Nxd5 {[%emt 0:00:02]} Bxd5 {[%emt 0:00:00]} 16. c3 {[%emt 0:00:01]} e5 {[%emt 0:00:02]} 17. Qc2 {[%emt 0:00:00]} f5 {[%emt 0:00:03]} 18. Bg5 {[%emt 0:00:03]} Qd7 {[%emt 0:00:02]} 19. a4 {[%emt 0:00:01]} h6 {[%emt 0:00:01]} 20. Be3 {[%emt 0:00:02]} b6 {[%emt 0:00:01]} 21. Nd2 {[%emt 0:00:04]} Bxg2 {[%emt 0:00:02]} 22. Kxg2 {[%emt 0:00:00]} Rad8 {[%emt 0:00:01]} 23. Nc4 {[%emt 0:00:02]} Qxd3 {[%emt 0:00:01]} 24. Qxd3 {[%emt 0:00:00]} Rxd3 {[%emt 0:00:01]} 25. Red1 {[%emt 0:00:00]} Red8 {[%emt 0:00:01]} 26. Rxd3 {[%emt 0:00:01]} Rxd3 {[%emt 0:00:00]} 27. Kf1 {[%emt 0:00:00]} e4 {[%emt 0:00:01]} 28. Ke2 {[%emt 0:00:01]} Ne5 {[%emt 0:00:01]} 29. Nxe5 {[%emt 0:00:01]} Bxe5 {[%emt 0:00:00]} 30. a5 {[%emt 0:00:00]} b5 {[%emt 0:00:06]} 31. Bxc5 {[%emt 0:00:02]} a6 {[%emt 0:00:00]} 32. Be3 {[%emt 0:00:00]} Kf7 {[%emt 0:00:02]} 33. f4 {[%emt 0:00:01]} Bf6 {[%emt 0:00:02]} 34. Rc1 {[%emt 0:00:01]} Rd6 {[%emt 0:00:06]} 35. g4 {[%emt 0:00:00]} Ke6 {[%emt 0:00:01]} 36. Rc2 {[%emt 0:00:01]} h5 {[%emt 0:00:02]} 37. g5 {[%emt 0:00:02]} Bg7 {[%emt 0:00:01]} 38. b3 {[%emt 0:00:00]} Rc6 {[%emt 0:00:02]} 39. c4 {[%emt 0:00:00]} bxc4 {[%emt 0:00:00]} 40. bxc4 {[%emt 0:00:00]} Kd6 {[%emt 0:00:00]} 41. Bb6 {[%emt 0:00:02]} Kd7 {[%emt 0:00:01]} 42. Rd2+ {[%emt 0:00:01]} Ke7 {[%emt 0:00:00]} 43. c5 {[%emt 0:00:00]} e3 {[%emt 0:00:01]} 44. Kxe3 {[%emt 0:00:01]} Re6+ {[%emt 0:00:00]} 45. Kf3 {[%emt 0:00:01]} Rc6 {[%emt 0:00:00]} 46. Re2+ {[%emt 0:00:01]} Kf7 {[%emt 0:00:00]} 47. Rd2 {[%emt 0:00:01]} Bf8 {[%emt 0:00:00]} 48. Rd7+ {[%emt 0:00:01]} Ke8 {[%emt 0:00:00]} 49. Rd5 {[%emt 0:00:04]} Ke7 {[%emt 0:00:01]} 50. Re5+ {[%emt 0:00:00]} Kf7 {[%emt 0:00:00]} 51. Ke3 {[%emt 0:00:00]} Be7 {[%emt 0:00:00]} 52. Kd4 {[%emt 0:00:00]} Ke8 {[%emt 0:00:00]} 53. Kd5 {[%emt 0:00:00]} Kd7 {[%emt 0:00:00]} 54. Rxe7+ {[%emt 0:00:01]} Kxe7 {[%emt 0:00:00]} 55. Kxc6 {[%emt 0:00:00]} h4 {[%emt 0:00:00]} 56. Kb7 {[%emt 0:00:00]} Kd7 {[%emt 0:00:00]} 57. c6+ {[%emt 0:00:01]} Ke6 {[%emt 0:00:00]} 58. c7 {[%emt 0:00:00]} Kd5 {[%emt 0:00:00]} 59. Bf2 {[%emt 0:00:01]} Ke4 {[%emt 0:00:00]} 60. Bxh4 {[%emt 0:00:00]} Kf3 {[%emt 0:00:00]} 61. c8=Q {[%emt 0:00:00]} Kg2 {[%emt 0:00:00]} 62. Qc5 {[%emt 0:00:00]} Kxh3 {[%emt 0:00:00]} 63. Qb6 {[%emt 0:00:00]} Kg4 {[%emt 0:00:00]} 64. Qxa6 {[%emt 0:00:00]} Kh5 {[%emt 0:00:00]} 65. Qf6 {[%emt 0:00:01]} Kg4 {[%emt 0:00:00]} 66. Qxg6 {[%emt 0:00:00]} Kh3 {[%emt 0:00:01]} 67. Qxf5+ {[%emt 0:00:00]} Kg2 {[%emt 0:00:00]} 68. g6 {[%emt 0:00:00]} Kh2 {[%emt 0:00:00]} 69. Bg5 {[%emt 0:00:00]} Kh1 {[%emt 0:00:00]} 70. Qg4 {[%emt 0:00:00]} Kh2 {[%emt 0:00:00]} 71. f5 {[%emt 0:00:01]} Kh1 {[%emt 0:00:00]} 72. f6 {[%emt 0:00:00]} Kh2 {[%emt 0:00:00]} 73. Be3 {[%emt 0:00:01]} Kh1 {[%emt 0:00:00]} 74. Qg1# {[%emt 0:00:01] (Lag: Av=0.49s, max=1.4s)} 1-0

[Event "Stay Safe Play From Home 281"]
[Site "Emanuel Lasker Arena"]
[Date "2020.07.06"]
[Round "2"]
[White "Scorpio New"]
[Black "Mepe_Nika"]
[Result "0-1"]
[WhiteElo "2129"]
[BlackElo "2383"]
[PlyCount "134"]
[EventDate "2020.07.06"]
[EventType "swiss (blitz)"]

1. d3 {[%emt 0:00:01]} d5 {[%emt 0:00:01]} 2. Nd2 {[%emt 0:00:00]} e5 {[%emt 0:00:01]} 3. c3 {[%emt 0:00:00]} Nf6 {[%emt 0:00:02]} 4. Qc2 {[%emt 0:00:00]} Bd6 {[%emt 0:00:01]} 5. e4 {[%emt 0:00:00]} O-O {[%emt 0:00:01]} 6. Ngf3 {[%emt 0:00:00]} c6 {[%emt 0:00:00]} 7. g3 {[%emt 0:00:01]} h6 {[%emt 0:00:01]} 8. Bg2 {[%emt 0:00:01]} Nbd7 {[%emt 0:00:00]} 9. O-O {[%emt 0:00:01]} a5 {[%emt 0:00:00]} 10. a4 {[%emt 0:00:02]} Nc5 {[%emt 0:00:01]} 11. Re1 {[%emt 0:00:00]} Re8 {[%emt 0:00:01]} 12. Nf1 {[%emt 0:00:01]} Bg4 {[%emt 0:00:01]} 13. h3 {[%emt 0:00:01]} Bxf3 {[%emt 0:00:01]} 14. Bxf3 {[%emt 0:00:00]} Qd7 {[%emt 0:00:00]} 15. Bg2 {[%emt 0:00:01]} Rad8 {[%emt 0:00:00]} 16. Be3 {[%emt 0:00:01]} Ne6 {[%emt 0:00:02]} 17. Bc1 {[%emt 0:00:03]} Bc5 {[%emt 0:00:02]} 18. Be3 {[%emt 0:00:02]} Bxe3 {[%emt 0:00:02]} 19. Nxe3 {[%emt 0:00:00]} g6 {[%emt 0:00:02]} 20. h4 {[%emt 0:00:01]} d4 {[%emt 0:00:01]} 21. Nc4 {[%emt 0:00:01]} Qc7 {[%emt 0:00:01]} 22. Rad1 {[%emt 0:00:04]} Kg7 {[%emt 0:00:01]} 23. Nd2 {[%emt 0:00:02]} h5 {[%emt 0:00:01]} 24. c4 {[%emt 0:00:01]} Nc5 {[%emt 0:00:02]} 25. Rf1 {[%emt 0:00:02]} Ng4 {[%emt 0:00:01]} 26. Nf3 {[%emt 0:00:01]} f6 {[%emt 0:00:02]} 27. Ra1 {[%emt 0:00:01]} Qb6 {[%emt 0:00:01]} 28. Qe2 {[%emt 0:00:01]} Qb3 {[%emt 0:00:02]} 29. Rfd1 {[%emt 0:00:04]} Nxa4 {[%emt 0:00:02]} 30. Ra3 {[%emt 0:00:02]} Qb4 {[%emt 0:00:01]} 31. Qc2 {[%emt 0:00:02]} Nc5 {[%emt 0:00:01]} 32. Nh2 {[%emt 0:00:04]} Nxh2 {[%emt 0:00:01]} 33. Kxh2 {[%emt 0:00:00]} Rc8 {[%emt 0:00:01]} 34. Bh3 {[%emt 0:00:01]} Rc7 {[%emt 0:00:01]} 35. Rda1 {[%emt 0:00:00]} b6 {[%emt 0:00:01]} 36. R3a2 {[%emt 0:00:01]} Qb3 {[%emt 0:00:03]} 37. Qxb3 {[%emt 0:00:03]} Nxb3 {[%emt 0:00:00]} 38. Rd1 {[%emt 0:00:01]} Nc5 {[%emt 0:00:01]} 39. Bf1 {[%emt 0:00:01]} Ra8 {[%emt 0:00:01]} 40. Kg2 {[%emt 0:00:01]} Raa7 {[%emt 0:00:01]} 41. f4 {[%emt 0:00:01]} Nd7 {[%emt 0:00:02]} 42. f5 {[%emt 0:00:01]} gxf5 {[%emt 0:00:01]} 43. exf5 {[%emt 0:00:00]} Nc5 {[%emt 0:00:00]} 44. Kf2 {[%emt 0:00:00]} e4 {[%emt 0:00:01]} 45. dxe4 {[%emt 0:00:01]} Nxe4+ {[%emt 0:00:00]} 46. Ke1 {[%emt 0:00:00]} c5 {[%emt 0:00:01]} 47. Bg2 {[%emt 0:00:00]} Re7 {[%emt 0:00:01]} 48. Bxe4 {[%emt 0:00:02]} Rxe4+ {[%emt 0:00:00]} 49. Kf2 {[%emt 0:00:00]} Rae7 {[%emt 0:00:01]} 50. Kf3 {[%emt 0:00:00]} Re3+ {[%emt 0:00:01]} 51. Kg2 {[%emt 0:00:00]} Re2+ {[%emt 0:00:01]} 52. Kh3 {[%emt 0:00:00]} R7e3 {[%emt 0:00:01]} 53. Rg1 {[%emt 0:00:01]} Rf2 {[%emt 0:00:01]} 54. Ra3 {[%emt 0:00:01]} Rxa3 {[%emt 0:00:01]} 55. bxa3 {[%emt 0:00:00]} Rxf5 {[%emt 0:00:01]} 56. Rg2 {[%emt 0:00:01]} Rf3 {[%emt 0:00:01]} 57. Kh2 {[%emt 0:00:00]} Re3 {[%emt 0:00:01]} 58. Rf2 {[%emt 0:00:01]} d3 {[%emt 0:00:00]} 59. Rf4 {[%emt 0:00:00]} Re2+ {[%emt 0:00:01]} 60. Kh3 {[%emt 0:00:02]} d2 {[%emt 0:00:00]} 61. Rf5 {[%emt 0:00:00]} d1=Q {[%emt 0:00:01]} 62. Rd5 {[%emt 0:00:00]} Kg6 {[%emt 0:00:01]} 63. Rxd1 {[%emt 0:00:01]} Re3 {[%emt 0:00:00]} 64. Rf1 {[%emt 0:00:00]} Rxa3 {[%emt 0:00:00]} 65. Kg2 {[%emt 0:00:00]} Re3 {[%emt 0:00:00]} 66. Rf2 {[%emt 0:00:00] .} Rd3 {[%emt 0:00:00]} 67. Rf3 {[%emt 0:00:00]} Rd2+ {[%emt 0:00:00] Tempo (Lag: Av=0.32s, max=0.5s)} 0-1

[Event "Stay Safe Play From Home 281"]
[Site "Emanuel Lasker Arena"]
[Date "2020.07.06"]
[Round "2"]
[White "Haxhi Baha"]
[Black "Lamborghini"]
[Result "1-0"]
[WhiteElo "2054"]
[BlackElo "2249"]
[PlyCount "29"]
[EventDate "2020.07.06"]
[EventType "swiss (blitz)"]

1. e4 {[%emt 0:00:01]} c5 {[%emt 0:00:16]} 2. Nf3 {[%emt 0:00:01]} d6 {[%emt 0:00:00]} 3. d4 {[%emt 0:00:01]} c4 {[%emt 0:00:01]} 4. Bxc4 {[%emt 0:00:02]} Nf6 {[%emt 0:00:01]} 5. Nc3 {[%emt 0:00:01]} e6 {[%emt 0:00:01]} 6. Bd3 {[%emt 0:00:02]} Be7 {[%emt 0:00:01]} 7. h4 {[%emt 0:00:02]} O-O {[%emt 0:00:01]} 8. e5 {[%emt 0:00:01]} Nfd7 {[%emt 0:00:05]} 9. Bxh7+ {[%emt 0:00:02]} Kh8 {[%emt 0:00:01]} 10. exd6 {[%emt 0:00:02]} Bxd6 {[%emt 0:00:01]} 11. Bd3 {[%emt 0:00:02]} Nc6 {[%emt 0:00:01]} 12. Ne4 {[%emt 0:00:02]} Be7 {[%emt 0:00:02]} 13. Nfg5 {[%emt 0:00:01]} Nxd4 {[%emt 0:00:03]} 14. Qh5+ {[%emt 0:00:01]} Kg8 {[%emt 0:00:02]} 15. Qh7# {[%emt 0:00:00] (Lag: Av=0.58s, max=0.7s)} 1-0